| 000 | 00397nam a22001217a 4500 | ||
|---|---|---|---|
| 082 | _a220 PRO | ||
| 100 |
_aHAIDER ALI AFZAL SAAD SYED UZAIR MEHDI MUHAMMAD ALI KHAN _971714 |
||
| 245 | _aPR-SOF-1661-Human Posture Recognition & Gait Analysis | ||
| 260 |
_aISLAMABAD _bNUST COLLEGE OF EME _c2017 |
||
| 650 | _aDE-COMP-35 | ||
| 700 |
_aSupervised DR. ALI HASSAN DR. SAAD REHMAN _971715 |
||
| 942 | _cCR | ||
| 999 |
_c578086 _d578086 |
||